La Situación actual: el Movimiento Revolucionario Salvadoreño
Gespeichert in:
| Format: | Text |
|---|---|
| Schlagworte: | |
| Tags: |
Tag hinzufügen
Keine Tags, Fügen Sie den ersten Tag hinzu!
|
MARC
| LEADER | 00000 a a2200000 04500 | ||
|---|---|---|---|
| 001 | 18030 | ||
| 003 | |||
| 040 | |||
| 245 | |a La Situación actual: |b el Movimiento Revolucionario Salvadoreño | ||
| 650 | |a REVOLUCION | ||
| 650 | |a FUERZAS ARMADAS | ||
| 650 | |a POLITICA | ||
| 650 | |a EL SALVADOR | ||
| 773 | |g volumen 5, número 12; páginas 133 | ||
| 999 | |c 21507 |d 21507 | ||
| 773 | 0 | |0 42391 |9 3888 |a Agencia Latinoamericana de Información, ALAI |d Quito, Ecuador: ALAI |o 04409 |t ALAI: |x 08275564 (Servicio mensual de información y documentación) | |
